Statistiques concernant Top 10 des voitures les plus rapides de tout les temps

Cliquez ici pour prendre le quiz!

Statistiques générales

  • Ce quiz a été pris 167 fois
  • Le résultat moyen est 3 sur 10

Statistiques - réponses

HintRéponse% Correct
#2Bugatti Veyron
99%
#5Bugatti Veyron
99%
#6Koenigsegg Agera
49%
#10McLaren F1
32%
#1Hennessey Venom
14%
#7Koenigsegg CCX
9%
#3Koenigsegg CCXR
7%
#4SSC Ultimate Aero
6%
#9Koenigsegg CCR
4%
#8Saleen S7
1%

Distribution des résultats

Percentile par nombre de réponses

% des personnes avec chaque résultat

Votre développement - résultats

Vous n’avez pas pris ce quiz